• 首页
  • 本馆介绍
  • 公告通知
  • 最新文献
  • 馆藏检索
  • 电子资源
  • 读者导购
  • 参考咨询
  • 我的图书馆
  • 登录
  • 详细信息显示
  • 放入我的书架
  • 预约/预借图书
  • 作者相关作品
  • 分类相关作品
  • 丛书相关作品
  • 出版社相关作品

书目信息

  • 表格格式
  • 工作单格式
  • 卡片格式
题名:
奢华的冒险
    
 
作者: 张彬 著
分册:  
出版信息: 北京   北京大学出版社  2005
页数: 185页
开本: 23cm
丛书名: 缤纷人文丛书
单 册:
中图分类: J110.95
科图分类:
主题词: 艺术史--西方国家--现代 , 艺术史
电子资源:
ISBN: 7-301-08425-0
000 00939oam2 2200277 450
001 012007532766
005 20070523093639.79
010    @a7-301-08425-0@dCNY40.00
100    @a20070515d2005 km y0chiy0120 ea
101 0  @achi
102    @aCN@b110000
105    @aa z 000yy
106    @ar
200 1  @a奢华的冒险@Ashe hua de mao xian@e现代艺术的消解与重建@f张彬著@Fzhang bin zhu
210    @a北京@c北京大学出版社@d2005
215    @a185页@c彩图@d23cm
225 2  @a缤纷人文丛书
330    @a本书分十章,介绍了西方艺术的后印象主义、野兽派、立体派、维也纳分离派、表现主义、未来主义、达达主义、超现实主义、现代雕塑的逻辑与风格等。
461  0 @12001 @a缤纷人文丛书
517 1  @a现代艺术的消解与重建@Axian dai yi shu de xiao jie yu chong jian
606 0  @a艺术史@y西方国家@z现代
606 0  @a艺术史
690    @aJ110.95@v4
701  0 @a张彬@Azhang bin@c(艺术史)@4著
801  0 @aCN@bRULIN@c20070523
905    @dJ110.95@e91@s8
    
    奢华的冒险:现代艺术的消解与重建/张彬著.-北京:北京大学出版社,2005
    185页:彩图;23cm.-(缤纷人文丛书)
    
    
    ISBN 7-301-08425-0:CNY40.00
    本书分十章,介绍了西方艺术的后印象主义、野兽派、立体派、维也纳分离派、表现主义、未来主义、达达主义、超现实主义、现代雕塑的逻辑与风格等。
●
相关链接 在E读中查询图书 在五车中查询图书 在当当中查询图书 在豆瓣中查询图书


正题名:奢华的冒险     索取号:J110.95/91         预约/预借

序号 登录号 条形码 馆藏地/架位号 状态 备注
1 0576340   205763404   第一样本阅览室/ [索取号:J110.95/91] 在馆    
2 0576341   205763413   第一借阅区/ [索取号:J110.95/91] 在馆    
3 0576342   205763422   第一借阅区/ [索取号:J110.95/91] 在馆    
4 0576343   205763431   第一借阅区/ [索取号:J110.95/91] 在馆    
5 0576344   205763440   第一借阅区/ [索取号:J110.95/91] 在馆    
6 0576345   205763459   第一借阅区/ [索取号:J110.95/91] 在馆    
7 0576346   205763468   第一借阅区/ [索取号:J110.95/91] 在馆    
8 0576347   205763477   第一借阅区/ [索取号:J110.95/91] 在馆    
唐山师范学院图书馆 欢迎您!
大连网信软件有限公司© 版权所有